00269nam a2200109Ia 4500008004100000100001400041245002400055260004300079650001200122942000800134999001700142190216s9999||||xx |||||||||||||| ||und|| aBauer W W 0aTodays Health Guide b"American Medical Association,America" aEnglish cREF c35251d35251